[Event "Czechia KP-chTB 0607"]
[Site "Czech Republic"]
[Date "2007.01.07"]
[Round "5.3"]
[White "Holub, Milan"]
[Black "Brezina, Jindrich"]
[Result "1-0"]
[WhiteElo "2091"]
[BlackElo "1817"]
[PlyCount "81"]
[EventDate "2006.10.29"]
[EventType "team"]
[EventRounds "11"]
[EventCountry "CZE"]
[SourceTitle "EXT 2008"]
[Source "ChessBase"]
[SourceDate "2007.11.25"]
[SourceVersion "1"]
[SourceVersionDate "2007.11.25"]
[SourceQuality "1"]
[WhiteTeam "Brodce"]
[BlackTeam "Sendrazice"]
[WhiteTeamCountry "CZE"]
[BlackTeamCountry "CZE"]

1. Nf3 c5 2. c4 Nf6 3. g3 g6 4. Bg2 Bg7 5. 0-0 Nc6 6. d4 cxd4 7. Nxd4 0-0 8. Nc3 Qb6 9. Ndb5 d6 10. Bg5 Qd8 11. Qd2 a6 12. Nd4 Nxd4 13. Qxd4 Nd7 14. Qe3 f6 15. Bh6 Ne5 16. Bxg7 Kxg7 17. b3 Rb8 18. Rad1 Bd7 19. c5 dxc5 20. Nd5 b6 21. f4 Nf7 22. Nc3 Qe8 23. Nd5 e6 24. Nc3 Bc6 25. Be4 f5 26. Bf3 h5 27. Rd2 Bxf3 28. Qxf3 Qc8 29. Rfd1 Rd8 30. e4 Qc6 31. Qe3 Rxd2 32. Rxd2 Nd6 33. exf5 Nf7 34. fxg6 Kxg6 35. Re2 Re8 36. f5+ Kxf5 37. Qf4+ Kg6 38. Rf2 Nh6 39. Ne4 Ng4 40. Qg5+ Kh7 41. Rf7+ 1-0